Percussion Instruments - Picture Quiz - Statistics

General Stats
  • This quiz has been taken 1,410 times
  • The average score is 12 of 20
Answer Stats
Picture Answer % Correct
Triangle
99%
Gong
92%
Maracas
89%
Tambourine
89%
Snare Drum
88%
Bongos
87%
Cymbal
87%
Timpani
80%
Bass Drum
77%
Cowbell
74%
Glockenspiel
67%
Woodblock
60%
Castanets
48%
Washboard
44%
Congas
39%
Claves
33%
Cabasa
25%
Guiro
21%
Hang
20%
Tabla
16%
No matching quizzes found
Score Distribution
Percent of People with Each Score
Percentile by Number Answered
Your Score History
You have not taken this quiz